000 00966cam a22002411i 4500
003 SA-RiAUC
005 20260127125147.0
008 260126s1983 su g 000 0 ara c
040 _aSA-JeALM
_bara
_cSA-RiAUC
_erda
082 0 4 _a251
_qSA-RiAUC
090 _a251
_b ا ب و س
100 1 _aأبو سليمان، عبد الوهاب إبراهيم محمد،
_d1355-1444 هجري
_eمؤلف.
245 1 2 _aالفكر الأصولي :
_bدراسة تحليلية نقدية /
_cعبد الوهاب إبراهيم أبو سليمان.
250 _aالطبعة الأولى.
264 1 _aجدة، السعودية :
_bدار الشروق،
_c1983
300 _a491 صفحة ؛
_c24 سم
336 _aنص
_btxt
_2rdacontent
_3كتاب
337 _aبدون وسيط
_bn
_2rdamedia
650 7 _aأصول الفقه الإسلامي
_2aucsh
650 7 _aالفقه الإسلامي
_2aucsh
942 _2ddc
_cBOOK
_n0
949 _aSA-JeALM
_d260126
_uosman123
_n1
999 _c14185
_d14185